000 00298nam a2200121Ia 4500
008 240731s9999 xx 000 0 und d
022 _a1522-9114
245 0 _aPublic Services Quarterly
260 _bRoutledge
856 _uhttps://www.tandfonline.com/loi/wpsq20
942 _2ddc
942 _cTFEJ
999 _c79093
_d79093
945 _a1
_bMadushi Gamage
_c1
_dMadushi Gamage